| 000 | 00345nam a2200133Ia 4500 | ||
|---|---|---|---|
| 008 | 240624s9999 xx 000 0 und d | ||
| 041 | _aeng | ||
| 082 | _a658.15 SEE | ||
| 100 | _aSEETHAPATHI K | ||
| 245 | _aFINANCIAL STRATEGY AN INTRODUCTION | ||
| 260 |
_c2005 _aHyderabad _bICFAI University |
||
| 300 | _aiv, : 220 : p. : cm. ; 22 | ||
| 365 | _cRS | ||
| 999 |
_c2859 _d2859 |
||